000 00161 a2200085 4500
041 _aeng
100 _aAnonimo
245 _aPooh gets ready for winter
942 _cBK
999 _c11258
_d11258